[Event "U12-U20 French Championships"]
[Site "chess24.com"]
[Date "2019.04.18"]
[Round "6"]
[White "Kuhn, Mathilde"]
[Black "Milojevic-Daim, Lola-Shaina"]
[Result "1/2-1/2"]
[Board "33"]
[WhiteElo "1608"]
[WhiteCountry "FRA"]
[WhiteFideId "36099783"]
[WhiteEloChange "-3"]
[BlackElo "1486"]
[BlackCountry "FRA"]
[BlackFideId "36042080"]
[BlackEloChange "3"]

1. d4 {[%clk 1:30:58]} Nf6 {[%clk 1:30:52]} 2. Nf3 {[%clk 1:31:18]} g6 {[%clk
1:31:14]} 3. g3 {[%clk 1:31:37]} Bg7 {[%clk 1:31:28]} 4. c4 {[%clk 1:31:50]} O-O
{[%clk 1:31:33]} 5. Bg2 {[%clk 1:32:09]} d6 {[%clk 1:31:46]} 6. O-O {[%clk
1:32:20]} Nc6 {[%clk 1:31:49]} 7. Nc3 {[%clk 1:32:10]} e5 {[%clk 1:31:28]} 8. h3
{[%clk 1:25:20]} Nd7 {[%clk 1:30:04]} 9. Bg5 {[%clk 1:20:41]} f6 {[%clk 1:22:13]}
10. Be3 {[%clk 1:18:24]} f5 {[%clk 1:17:50]} 11. dxe5 {[%clk 1:10:24]} dxe5
{[%clk 1:15:21]} 12. Ng5 {[%clk 1:05:08]} Nf6 {[%clk 1:06:58]} 13. Nd5 {[%clk
0:52:47]} e4 {[%clk 0:59:54]} 14. Bc5 {[%clk 0:46:36]} Re8 {[%clk 0:57:05]} 15.
h4 {[%clk 0:41:30]} Nxd5 {[%clk 0:50:42]} 16. cxd5 {[%clk 0:38:39]} Ne7 {[%clk
0:50:12]} 17. Bxe7 {[%clk 0:35:13]} Rxe7 {[%clk 0:48:48]} 18. Qb3 {[%clk
0:34:58]} Kh8 {[%clk 0:43:23]} 19. Rfd1 {[%clk 0:30:46]} Qd6 {[%clk 0:35:19]} 20.
Rac1 {[%clk 0:27:15]} Be5 {[%clk 0:25:22]} 21. e3 {[%clk 0:17:18]} h6 {[%clk
0:20:31]} 22. Nh3 {[%clk 0:16:58]} Qb6 {[%clk 0:18:42]} 23. Qa3 {[%clk 0:12:58]}
Qd6 {[%clk 0:18:09]} 24. Qxd6 {[%clk 0:12:30]} Bxd6 {[%clk 0:16:33]} 25. Nf4
{[%clk 0:12:33]} Kg7 {[%clk 0:13:24]} 26. Ne2 {[%clk 0:11:15]} g5 {[%clk
0:11:58]} 27. hxg5 {[%clk 0:11:31]} hxg5 {[%clk 0:12:18]} 28. Nc3 {[%clk
0:10:19]} a6 {[%clk 0:11:28]} 29. g4 {[%clk 0:08:01]} Kf6 {[%clk 0:09:31]} 30.
gxf5 {[%clk 0:07:38]} Bxf5 {[%clk 0:09:43]} 31. Na4 {[%clk 0:05:36]} b6 {[%clk
0:08:52]} 32. Nc3 {[%clk 0:04:54]} Rh8 {[%clk 0:06:29]} 33. Rd4 {[%clk 0:03:25]}
Rh4 {[%clk 0:04:16]} 34. Ra4 {[%clk 0:03:23]} a5 {[%clk 0:03:27]} 35. Rc4 {[%clk
0:02:16]} Be5 {[%clk 0:01:38]} 36. b3 {[%clk 0:02:13]} Bxc3 {[%clk 0:01:29]} 37.
R1xc3 {[%clk 0:02:17]} Rhh7 {[%clk 0:01:51]} 38. d6 {[%clk 0:01:56]} cxd6 {[%clk
0:01:21]} 39. Rc6 {[%clk 0:02:20]} Ke5 {[%clk 0:01:34]} 40. Rxb6 {[%clk 0:02:43]}
Rb7 {[%clk 0:01:53]} 41. Ra6 {[%clk 0:02:16]} Ra7 {[%clk 0:02:00]} 42. Rcc6
{[%clk 0:02:23]} d5 {[%clk 0:01:12]} 43. a3 {[%clk 0:01:49]} Rhb7 {[%clk
0:01:14]} 44. Rab6 {[%clk 0:01:27]} Rxb6 {[%clk 0:01:04]} 45. Rxb6 {[%clk
0:01:57]} Bc8 {[%clk 0:01:23]} 46. Rg6 {[%clk 0:02:07]} Kf5 {[%clk 0:01:32]} 47.
Rb6 {[%clk 0:02:15]} Ke5 {[%clk 0:01:50]} 48. Kf1 {[%clk 0:02:00]} Ra6 {[%clk
0:02:10]} 49. Rb8 {[%clk 0:02:05]} Rc6 {[%clk 0:02:35]} 50. b4 {[%clk 0:01:49]}
axb4 {[%clk 0:01:52]} 51. axb4 {[%clk 0:02:14]} Ba6+ {[%clk 0:02:02]} 52. Ke1
{[%clk 0:02:04]} Rc1+ {[%clk 0:02:05]} 53. Kd2 {[%clk 0:02:14]} Rb1 {[%clk
0:02:28]} 54. Kc2 {[%clk 0:01:50]} Bd3+ {[%clk 0:02:45]} 55. Kc3 {[%clk 0:02:05]}
Bc4 {[%clk 0:03:07]} 56. Rg8 {[%clk 0:01:48]} 1/2-1/2

[Event "U12-U20 French Championships"]
[Site "chess24.com"]
[Date "2019.04.18"]
[Round "6"]
[White "Stephan, Margaux"]
[Black "Croisille, Shanti"]
[Result "0-1"]
[Board "34"]
[WhiteElo "1379"]
[WhiteCountry "FRA"]
[WhiteFideId "36053627"]
[WhiteEloChange "-5"]
[BlackElo "1575"]
[BlackCountry "FRA"]
[BlackFideId "36016691"]
[BlackEloChange "5"]

1. d4 {[%clk 1:30:54]} Nf6 {[%clk 1:30:55]} 2. Bf4 {[%clk 1:31:11]} g6 {[%clk
1:31:19]} 3. Nc3 {[%clk 1:31:26]} Bg7 {[%clk 1:31:37]} 4. e4 {[%clk 1:30:13]} d6
{[%clk 1:30:25]} 5. Be2 {[%clk 1:26:31]} O-O {[%clk 1:29:55]} 6. Nf3 {[%clk
1:22:51]} Nfd7 {[%clk 1:18:48]} 7. h4 {[%clk 1:04:15]} Nf6 {[%clk 1:12:32]} 8.
Nd2 {[%clk 0:57:10]} Nc6 {[%clk 1:06:41]} 9. Nb3 {[%clk 0:47:24]} e5 {[%clk
1:03:57]} 10. Be3 {[%clk 0:47:00]} exd4 {[%clk 0:56:03]} 11. Nxd4 {[%clk
0:45:50]} Nxd4 {[%clk 0:56:04]} 12. Bxd4 {[%clk 0:44:58]} Re8 {[%clk 0:54:47]}
13. h5 {[%clk 0:31:54]} c5 {[%clk 0:50:29]} 14. Be3 {[%clk 0:29:03]} Nxe4 {[%clk
0:49:20]} 15. Nxe4 {[%clk 0:23:44]} Rxe4 {[%clk 0:49:42]} 16. hxg6 {[%clk
0:22:57]} hxg6 {[%clk 0:49:43]} 17. Qd5 {[%clk 0:18:14]} Re8 {[%clk 0:47:37]} 18.
c3 {[%clk 0:17:07]} Qb6 {[%clk 0:45:54]} 19. O-O-O {[%clk 0:06:13]} Be5 {[%clk
0:39:59]} 20. Qe4 {[%clk 0:05:12]} Bf5 {[%clk 0:35:23]} 21. Qh4 {[%clk 0:05:01]}
Bg7 {[%clk 0:32:52]} 22. Qh7+ {[%clk 0:04:56]} Kf8 {[%clk 0:33:14]} 23. Bh6
{[%clk 0:02:37]} Bxh6+ {[%clk 0:32:16]} 24. Qxh6+ {[%clk 0:02:56]} Ke7 {[%clk
0:32:13]} 25. Qg5+ {[%clk 0:02:20]} Kd7 {[%clk 0:31:33]} 26. Bg4 {[%clk 0:01:42]}
Bxg4 {[%clk 0:28:27]} 27. Qxg4+ {[%clk 0:02:07]} Kc7 {[%clk 0:28:45]} 28. Rh7
{[%clk 0:02:02]} Re7 {[%clk 0:27:07]} 29. Qf4 {[%clk 0:01:51]} Rf8 {[%clk
0:26:57]} 30. Rdh1 {[%clk 0:01:28]} Kc8 {[%clk 0:25:29]} 31. Rh8 {[%clk 0:01:07]}
Ree8 {[%clk 0:24:48]} 32. Rxf8 {[%clk 0:01:06]} Rxf8 {[%clk 0:25:01]} 33. Qf6
{[%clk 0:00:59]} Qd8 {[%clk 0:25:13]} 34. Qf4 {[%clk 0:00:57]} Qe7 {[%clk
0:25:01]} 35. Kd2 {[%clk 0:01:02]} Re8 {[%clk 0:24:32]} 36. Qf3 {[%clk 0:01:11]}
Qg5+ {[%clk 0:23:50]} 37. Kc2 {[%clk 0:01:15]} Qf5+ {[%clk 0:23:54]} 38. Qxf5+
{[%clk 0:01:18]} gxf5 {[%clk 0:24:20]} 39. Kd2 {[%clk 0:01:43]} Kd7 {[%clk
0:24:29]} 40. Rh4 {[%clk 0:01:12]} Re4 {[%clk 0:23:46]} 41. Rh5 {[%clk 0:01:25]}
Ke6 {[%clk 0:23:16]} 42. f3 {[%clk 0:01:13]} Ra4 {[%clk 0:23:20]} 43. a3 {[%clk
0:01:27]} Ra6 {[%clk 0:22:35]} 44. Kd3 {[%clk 0:01:17]} Rb6 {[%clk 0:01:18]} 45.
b4 {[%clk 0:00:58]} Ra6 {[%clk 0:21:08]} 46. bxc5 {[%clk 0:00:51]} dxc5 {[%clk
0:21:23]} 47. Rh6+ {[%clk 0:01:12]} f6 {[%clk 0:21:40]} 48. Rh7 {[%clk 0:01:23]}
b6 {[%clk 0:21:46]} 49. f4 {[%clk 0:01:06]} Rxa3 {[%clk 0:21:49]} 50. Kc4 {[%clk
0:01:16]} a6 {[%clk 0:18:35]} 51. Rh3 {[%clk 0:01:18]} Ra4+ {[%clk 0:18:49]} 52.
Kd3 {[%clk 0:01:21]} Rxf4 {[%clk 0:18:55]} 53. Re3+ {[%clk 0:01:25]} Re4 {[%clk
0:18:03]} 54. Rxe4+ {[%clk 0:00:47]} fxe4+ {[%clk 0:18:27]} 55. Kxe4 {[%clk
0:01:13]} b5 {[%clk 0:18:36]} 56. Kd3 {[%clk 0:01:29]} Ke5 {[%clk 0:18:31]} 57.
Kd2 {[%clk 0:01:15]} Ke4 {[%clk 0:18:35]} 58. Ke2 {[%clk 0:01:21]} f5 {[%clk
0:18:53]} 59. Kd2 {[%clk 0:01:09]} Kf4 {[%clk 0:18:47]} 60. Ke2 {[%clk 0:01:16]}
a5 {[%clk 0:19:08]} 61. Kd2 {[%clk 0:01:18]} Kg3 {[%clk 0:19:28]} 62. Kc2 {[%clk
0:01:15]} Kxg2 {[%clk 0:19:50]} 0-1

[Event "U12-U20 French Championships"]
[Site "chess24.com"]
[Date "2019.04.19"]
[Round "7"]
[White "Fretel, Liza"]
[Black "Aubert, Laurane"]
[Result "1/2-1/2"]
[Board "6"]
[WhiteElo "1892"]
[WhiteCountry "FRA"]
[WhiteFideId "26045460"]
[WhiteEloChange "2"]
[BlackElo "1953"]
[BlackCountry "FRA"]
[BlackFideId "20690371"]
[BlackEloChange "-2"]

1. e4 {[%clk 1:30:54]} c5 {[%clk 1:30:57]} 2. Nc3 {[%clk 1:31:17]} Nc6 {[%clk
1:31:20]} 3. Bb5 {[%clk 1:31:39]} Nd4 {[%clk 1:31:45]} 4. Bc4 {[%clk 1:31:49]} e6
{[%clk 1:29:33]} 5. Nge2 {[%clk 1:30:42]} a6 {[%clk 1:26:57]} 6. a4 {[%clk
1:30:14]} g6 {[%clk 1:23:38]} 7. O-O {[%clk 1:28:00]} Bg7 {[%clk 1:23:57]} 8.
Nxd4 {[%clk 1:25:35]} cxd4 {[%clk 1:24:02]} 9. Ne2 {[%clk 1:25:48]} Ne7 {[%clk
1:19:15]} 10. Nf4 {[%clk 1:20:51]} O-O {[%clk 1:17:34]} 11. d3 {[%clk 1:17:46]}
d5 {[%clk 1:15:59]} 12. exd5 {[%clk 1:17:35]} e5 {[%clk 1:12:46]} 13. Ne2 {[%clk
1:17:20]} Nxd5 {[%clk 1:11:35]} 14. Ng3 {[%clk 1:14:13]} Be6 {[%clk 1:03:22]} 15.
Ne4 {[%clk 1:07:35]} Nc7 {[%clk 1:00:42]} 16. Bxe6 {[%clk 1:07:33]} Nxe6 {[%clk
1:01:07]} 17. a5 {[%clk 1:05:28]} Rc8 {[%clk 1:00:06]} 18. Nd2 {[%clk 1:03:56]}
Nf4 {[%clk 0:51:42]} 19. Nc4 {[%clk 1:03:00]} Nd5 {[%clk 0:51:32]} 20. Bd2 {[%clk
0:59:39]} Re8 {[%clk 0:43:09]} 21. f3 {[%clk 0:53:20]} Qc7 {[%clk 0:33:03]} 22.
Qb1 {[%clk 0:44:04]} Qc6 {[%clk 0:27:32]} 23. Qa2 {[%clk 0:42:10]} Rc7 {[%clk
0:22:48]} 24. Qa4 {[%clk 0:41:41]} Qe6 {[%clk 0:22:40]} 25. Rae1 {[%clk 0:39:29]}
Rce7 {[%clk 0:16:05]} 26. Bb4 {[%clk 0:36:58]} Nxb4 {[%clk 0:13:51]} 27. Qxb4
{[%clk 0:37:23]} Qd7 {[%clk 0:10:44]} 28. Re2 {[%clk 0:35:38]} Re6 {[%clk
0:09:50]} 29. Rfe1 {[%clk 0:33:18]} Qc7 {[%clk 0:06:51]} 30. Qa4 {[%clk 0:30:08]}
Bf8 {[%clk 0:04:25]} 31. Kh1 {[%clk 0:23:06]} Bh6 {[%clk 0:03:27]} 32. Re4 {[%clk
0:22:09]} Kg7 {[%clk 0:01:24]} 33. g3 {[%clk 0:21:14]} Kg8 {[%clk 0:00:58]} 34.
Kg2 {[%clk 0:21:34]} R8e7 {[%clk 0:00:48]} 35. R4e2 {[%clk 0:21:16]} Kf8 {[%clk
0:00:42]} 36. h4 {[%clk 0:18:10]} Qc5 {[%clk 0:00:39]} 37. Qa3 {[%clk 0:17:38]}
Qd5 {[%clk 0:00:36]} 38. Nb6 {[%clk 0:17:45]} Qd8 {[%clk 0:00:33]} 39. Rxe5
{[%clk 0:17:38]} Kg8 {[%clk 0:00:35]} 40. Rxe6 {[%clk 0:16:55]} fxe6 {[%clk
0:00:45]} 41. Nc4 {[%clk 0:16:06]} Qc7 {[%clk 0:00:34]} 42. Re4 {[%clk 0:15:41]}
Bg7 {[%clk 0:00:37]} 43. Qd6 {[%clk 0:15:17]} Qxd6 {[%clk 0:00:32]} 44. Nxd6
{[%clk 0:15:43]} e5 {[%clk 0:00:33]} 45. f4 {[%clk 0:15:38]} Kf8 {[%clk 0:00:31]}
46. fxe5 {[%clk 0:15:52]} Bxe5 {[%clk 0:00:40]} 47. Nc4 {[%clk 0:15:25]} Bf6
{[%clk 0:00:42]} 48. Rxe7 {[%clk 0:15:48]} Kxe7 {[%clk 0:01:01]} 49. Kf3 {[%clk
0:16:03]} Kd7 {[%clk 0:00:38]} 50. Ke4 {[%clk 0:16:12]} Kc6 {[%clk 0:01:03]} 51.
Ne5+ {[%clk 0:15:59]} Kd6 {[%clk 0:01:01]} 52. Nf3 {[%clk 0:15:30]} Kc5 {[%clk
0:01:18]} 53. Nd2 {[%clk 0:15:24]} Bg7 {[%clk 0:00:39]} 54. Nb3+ {[%clk 0:15:49]}
Kb4 {[%clk 0:00:45]} 55. Kd5 {[%clk 0:15:33]} h6 {[%clk 0:00:34]} 56. Nc5 {[%clk
0:15:16]} Kxa5 {[%clk 0:00:40]} 57. Nxb7+ {[%clk 0:15:41]} Kb6 {[%clk 0:00:51]}
58. Nc5 {[%clk 0:15:56]} g5 {[%clk 0:00:38]} 59. hxg5 {[%clk 0:16:11]} hxg5
{[%clk 0:01:03]} 60. Ne6 {[%clk 0:16:17]} Bf6 {[%clk 0:01:19]} 61. Nxd4 {[%clk
0:16:16]} a5 {[%clk 0:01:06]} 62. c3 {[%clk 0:16:28]} g4 {[%clk 0:00:51]} 63. Nc2
{[%clk 0:16:25]} Bg5 {[%clk 0:01:04]} 64. Na3 {[%clk 0:16:13]} Bc1 {[%clk
0:01:05]} 65. Nc4+ {[%clk 0:16:34]} Kb5 {[%clk 0:00:59]} 66. Ke4 {[%clk 0:16:38]}
a4 {[%clk 0:01:08]} 67. Na3+ {[%clk 0:08:21]} Kc6 {[%clk 0:01:31]} 68. Nc2 {[%clk
0:07:36]} Bxb2 {[%clk 0:01:46]} 69. Nb4+ {[%clk 0:07:35]} Kb5 {[%clk 0:01:26]}
70. Na2 {[%clk 0:07:37]} a3 {[%clk 0:01:31]} 71. Kd4 {[%clk 0:07:32]} Ba1 {[%clk
0:01:19]} 72. Kd5 {[%clk 0:06:36]} Bb2 {[%clk 0:01:05]} 73. d4 {[%clk 0:05:32]}
Bxc3 {[%clk 0:00:52]} 74. Nxc3+ {[%clk 0:02:06]} Kb4 {[%clk 0:01:18]} 75. Na2+
{[%clk 0:02:31]} Kb3 {[%clk 0:01:41]} 76. Ke4 {[%clk 0:02:35]} Kxa2 {[%clk
0:02:02]} 77. d5 {[%clk 0:03:01]} Kb3 {[%clk 0:01:21]} 78. d6 {[%clk 0:03:27]} a2
{[%clk 0:01:48]} 79. d7 {[%clk 0:03:52]} a1Q {[%clk 0:02:12]} 80. d8Q {[%clk
0:04:11]} Qh1+ {[%clk 0:02:00]} 81. Ke5 {[%clk 0:04:05]} Qf3 {[%clk 0:00:43]} 82.
Qb6+ {[%clk 0:03:11]} Kc2 {[%clk 0:00:46]} 83. Qc5+ {[%clk 0:01:57]} Kd2 {[%clk
0:00:51]} 84. Qb4+ {[%clk 0:01:40]} Ke3 {[%clk 0:00:45]} 85. Qd4+ {[%clk
0:01:36]} Ke2 {[%clk 0:01:11]} 86. Qf4 {[%clk 0:01:20]} Kf2 {[%clk 0:00:59]} 87.
Kf5 {[%clk 0:01:09]} Kg2 {[%clk 0:01:12]} 88. Kg5 {[%clk 0:01:20]} Kh3 {[%clk
0:01:04]} 89. Qc1 {[%clk 0:00:57]} Kxg3 {[%clk 0:00:53]} 90. Qc7+ {[%clk
0:01:06]} Kg2 {[%clk 0:00:47]} 91. Qc2+ {[%clk 0:01:26]} Kf1 {[%clk 0:00:45]} 92.
Qc1+ {[%clk 0:01:40]} Kf2 {[%clk 0:00:44]} 93. Qc2+ {[%clk 0:01:59]} Ke3 {[%clk
0:00:40]} 94. Qc3+ {[%clk 0:02:11]} Kf2 {[%clk 0:00:37]} 95. Qc2+ {[%clk
0:02:29]} Kg1 {[%clk 0:00:52]} 96. Qc1+ {[%clk 0:02:47]} Kh2 {[%clk 0:01:04]} 97.
Qc2+ {[%clk 0:02:46]} Kh3 {[%clk 0:00:48]} 98. Qh7+ {[%clk 0:03:11]} Kg2 {[%clk
0:00:58]} 99. Qc2+ {[%clk 0:03:37]} Kh1 {[%clk 0:00:43]} 100. Qc1+ {[%clk
0:03:55]} Kh2 {[%clk 0:01:05]} 101. Qc2+ {[%clk 0:04:16]} Kg3 {[%clk 0:01:15]}
102. Qc7+ {[%clk 0:04:41]} Kf2 {[%clk 0:00:40]} 1/2-1/2

[Event "U12-U20 French Championships"]
[Site "chess24.com"]
[Date "2019.04.19"]
[Round "7"]
[White "Milroy, Melena"]
[Black "Anastasie, Laure"]
[Result "1/2-1/2"]
[Board "8"]
[WhiteElo "1720"]
[WhiteCountry "FRA"]
[WhiteFideId "26056607"]
[WhiteEloChange "-7"]
[BlackElo "1445"]
[BlackCountry "FRA"]
[BlackFideId "26091607"]
[BlackEloChange "7"]

1. e4 {[%clk 1:30:59]} e5 {[%clk 1:30:56]} 2. Bc4 {[%clk 1:31:25]} Nf6 {[%clk
1:31:17]} 3. d4 {[%clk 1:31:52]} Nc6 {[%clk 1:31:36]} 4. Nf3 {[%clk 1:32:03]}
exd4 {[%clk 1:30:55]} 5. e5 {[%clk 1:32:28]} d5 {[%clk 1:29:33]} 6. Bb5 {[%clk
1:32:53]} Ne4 {[%clk 1:29:14]} 7. Nxd4 {[%clk 1:33:17]} Bd7 {[%clk 1:29:19]} 8.
Bxc6 {[%clk 1:33:27]} bxc6 {[%clk 1:29:35]} 9. O-O {[%clk 1:33:37]} Be7 {[%clk
1:27:03]} 10. f3 {[%clk 1:29:33]} Nc5 {[%clk 1:26:20]} 11. Be3 {[%clk 1:29:40]}
Ne6 {[%clk 1:25:40]} 12. f4 {[%clk 1:28:33]} Bc5 {[%clk 1:19:34]} 13. Nc3 {[%clk
1:23:13]} O-O {[%clk 1:19:25]} 14. Nce2 {[%clk 1:17:38]} f6 {[%clk 1:14:39]} 15.
Qd3 {[%clk 1:08:37]} fxe5 {[%clk 1:12:29]} 16. Nxe6 {[%clk 1:03:54]} Bxe3+ {[%clk
1:12:49]} 17. Qxe3 {[%clk 1:04:19]} Bxe6 {[%clk 1:13:06]} 18. fxe5 {[%clk
1:02:51]} Qe7 {[%clk 1:03:17]} 19. Nd4 {[%clk 1:01:55]} Bd7 {[%clk 0:56:49]} 20.
e6 {[%clk 0:56:31]} c5 {[%clk 0:53:37]} 21. Nf5 {[%clk 0:46:43]} Qxe6 {[%clk
0:50:34]} 22. Ne7+ {[%clk 0:47:02]} Kh8 {[%clk 0:49:47]} 23. Qxc5 {[%clk
0:47:23]} Rxf1+ {[%clk 0:49:32]} 24. Rxf1 {[%clk 0:47:48]} Qb6 {[%clk 0:49:52]}
25. Qxb6 {[%clk 0:47:40]} cxb6 {[%clk 0:50:05]} 26. Nxd5 {[%clk 0:47:26]} h6
{[%clk 0:49:44]} 27. Rf7 {[%clk 0:46:21]} Be6 {[%clk 0:49:16]} 28. Nc7 {[%clk
0:46:37]} Bxf7 {[%clk 0:49:29]} 29. Nxa8 {[%clk 0:47:00]} Bxa2 {[%clk 0:49:54]}
30. b3 {[%clk 0:47:15]} Bb1 {[%clk 0:49:58]} 31. c3 {[%clk 0:46:36]} Kg8 {[%clk
0:49:48]} 32. Nc7 {[%clk 0:43:35]} Ba2 {[%clk 0:49:28]} 33. b4 {[%clk 0:43:20]}
Bc4 {[%clk 0:49:03]} 34. Kf2 {[%clk 0:43:01]} Kf7 {[%clk 0:48:48]} 35. Ke3 {[%clk
0:43:18]} Ke7 {[%clk 0:48:28]} 36. Kd4 {[%clk 0:43:28]} Kd7 {[%clk 0:42:30]} 37.
Kxc4 {[%clk 0:31:04]} Kxc7 {[%clk 0:42:55]} 38. b5 {[%clk 0:31:14]} Kd6 {[%clk
0:37:56]} 39. Kd4 {[%clk 0:31:12]} g6 {[%clk 0:37:52]} 40. h4 {[%clk 0:29:16]} h5
{[%clk 0:37:01]} 41. c4 {[%clk 0:28:39]} Ke6 {[%clk 0:35:56]} 42. Ke4 {[%clk
0:20:57]} Kd6 {[%clk 0:36:00]} 43. Kf4 {[%clk 0:17:20]} Ke6 {[%clk 0:34:45]} 44.
Kg5 {[%clk 0:12:29]} Kf7 {[%clk 0:34:57]} 45. g3 {[%clk 0:01:58]} Kg7 {[%clk
0:35:04]} 46. Kf4 {[%clk 0:00:53]} Kf6 {[%clk 0:35:16]} 47. Ke4 {[%clk 0:00:42]}
Ke6 {[%clk 0:35:32]} 48. Kf4 {[%clk 0:01:02]} Kf6 {[%clk 0:35:52]} 49. g4 {[%clk
0:00:47]} hxg4 {[%clk 0:36:15]} 50. Kxg4 {[%clk 0:01:13]} Kf7 {[%clk 0:36:27]}
51. Kg5 {[%clk 0:01:27]} Kg7 {[%clk 0:36:39]} 52. Kg4 {[%clk 0:00:46]} Kf6 {[%clk
0:36:58]} 53. Kf4 {[%clk 0:01:10]} Kf7 {[%clk 0:37:10]} 54. Ke5 {[%clk 0:01:24]}
Ke7 {[%clk 0:36:57]} 55. Kd5 {[%clk 0:01:26]} Kd7 {[%clk 0:36:56]} 56. Ke5 {[%clk
0:00:59]} 1/2-1/2

[Event "U12-U20 French Championships"]
[Site "chess24.com"]
[Date "2019.04.19"]
[Round "7"]
[White "Pucheu, Camille"]
[Black "Lomandong, Noela-Joyce"]
[Result "0-1"]
[Board "15"]
[WhiteElo "1695"]
[WhiteCountry "FRA"]
[WhiteFideId "36046752"]
[WhiteEloChange "-4"]
[BlackTitle "WFM"]
[BlackElo "1942"]
[BlackCountry "MNC"]
[BlackFideId "5400384"]
[BlackEloChange "4"]

1. e4 {[%clk 1:30:50]} c5 {[%clk 1:30:56]} 2. Nf3 {[%clk 1:30:55]} d6 {[%clk
1:31:22]} 3. d4 {[%clk 1:30:54]} cxd4 {[%clk 1:31:50]} 4. Nxd4 {[%clk 1:31:12]}
Nf6 {[%clk 1:32:15]} 5. Nc3 {[%clk 1:30:57]} a6 {[%clk 1:32:41]} 6. Be2 {[%clk
1:29:54]} e5 {[%clk 1:32:27]} 7. Nb3 {[%clk 1:26:32]} Be6 {[%clk 1:32:32]} 8. O-O
{[%clk 1:25:24]} Be7 {[%clk 1:30:35]} 9. h3 {[%clk 1:14:56]} Nc6 {[%clk 1:19:16]}
10. Be3 {[%clk 1:12:37]} b5 {[%clk 1:15:42]} 11. Bf3 {[%clk 1:05:03]} Rc8 {[%clk
1:09:28]} 12. Nd5 {[%clk 0:55:05]} O-O {[%clk 1:02:03]} 13. c3 {[%clk 0:51:59]}
Bxd5 {[%clk 1:00:20]} 14. exd5 {[%clk 0:52:18]} Na5 {[%clk 1:00:47]} 15. Nxa5
{[%clk 0:36:02]} Qxa5 {[%clk 1:01:10]} 16. Bg5 {[%clk 0:34:49]} h6 {[%clk
0:58:21]} 17. Bxf6 {[%clk 0:33:13]} Bxf6 {[%clk 0:58:35]} 18. a3 {[%clk 0:23:32]}
Bg5 {[%clk 0:56:37]} 19. Re1 {[%clk 0:19:16]} Qb6 {[%clk 0:55:58]} 20. Qd3 {[%clk
0:13:07]} f5 {[%clk 0:51:17]} 21. Bh5 {[%clk 0:04:33]} Kh7 {[%clk 0:39:52]} 22.
Qg3 {[%clk 0:02:38]} Rc4 {[%clk 0:31:53]} 23. Be2 {[%clk 0:02:20]} Rf4 {[%clk
0:27:12]} 24. Rf1 {[%clk 0:01:44]} Bh4 {[%clk 0:26:50]} 25. Qe3 {[%clk 0:02:08]}
Bxf2+ {[%clk 0:23:20]} 26. Qxf2 {[%clk 0:02:33]} Rxf2 {[%clk 0:23:44]} 27. Rxf2
{[%clk 0:03:00]} Qc5 {[%clk 0:22:18]} 28. Rd1 {[%clk 0:02:22]} g5 {[%clk
0:20:18]} 29. Kf1 {[%clk 0:01:14]} Kg6 {[%clk 0:19:53]} 30. g4 {[%clk 0:01:21]}
Qe3 {[%clk 0:12:27]} 31. Rf3 {[%clk 0:01:33]} Qxf3+ {[%clk 0:12:02]} 32. Bxf3
{[%clk 0:01:50]} fxg4 {[%clk 0:12:29]} 33. hxg4 {[%clk 0:01:33]} Rxf3+ {[%clk
0:12:57]} 34. Kg2 {[%clk 0:01:53]} Re3 {[%clk 0:12:21]} 35. Rd2 {[%clk 0:02:08]}
h5 {[%clk 0:12:09]} 36. gxh5+ {[%clk 0:01:58]} Kxh5 {[%clk 0:12:37]} 37. Kf2
{[%clk 0:02:15]} Rh3 {[%clk 0:13:06]} 38. Kg2 {[%clk 0:02:34]} Kg4 {[%clk
0:12:12]} 39. Re2 {[%clk 0:01:19]} Rd3 {[%clk 0:12:25]} 40. Rc2 {[%clk 0:00:38]}
Rxd5 {[%clk 0:12:28]} 41. c4 {[%clk 0:00:46]} Rc5 {[%clk 0:12:51]} 42. b3 {[%clk
0:00:43]} bxc4 {[%clk 0:13:16]} 43. bxc4 {[%clk 0:00:59]} d5 {[%clk 0:13:28]} 44.
Rc3 {[%clk 0:00:39]} Rxc4 {[%clk 0:13:43]} 45. Rg3+ {[%clk 0:00:54]} Kf5 {[%clk
0:14:12]} 46. Rf3+ {[%clk 0:01:07]} Rf4 {[%clk 0:14:41]} 47. Rd3 {[%clk 0:01:15]}
Ra4 {[%clk 0:14:25]} 48. Rf3+ {[%clk 0:01:13]} Ke6 {[%clk 0:14:54]} 49. Rd3
{[%clk 0:01:02]} e4 {[%clk 0:15:22]} 50. Re3 {[%clk 0:00:55]} Ke5 {[%clk
0:15:46]} 51. Rb3 {[%clk 0:00:43]} d4 {[%clk 0:16:06]} 52. Kf2 {[%clk 0:00:49]}
e3+ {[%clk 0:16:35]} 53. Kf3 {[%clk 0:00:47]} g4+ {[%clk 0:17:03]} 54. Ke2 {[%clk
0:00:31]} Ke4 {[%clk 0:17:21]} 55. Kf1 {[%clk 0:00:34]} d3 {[%clk 0:17:45]} 56.
Ke1 {[%clk 0:00:37]} d2+ {[%clk 0:18:08]} 57. Ke2 {[%clk 0:00:44]} d1Q+ {[%clk
0:18:29]} 58. Kxd1 {[%clk 0:01:10]} Kf3 {[%clk 0:18:56]} 59. Ke1 {[%clk 0:00:39]}
Rc4 {[%clk 0:19:04]} 60. Rb1 {[%clk 0:00:40]} g3 {[%clk 0:19:28]} 61. Kf1 {[%clk
0:00:44]} Rc3 {[%clk 0:19:31]} 62. Ra1 {[%clk 0:00:49]} e2+ {[%clk 0:19:40]} 63.
Kg1 {[%clk 0:01:01]} Rd3 {[%clk 0:20:06]} 0-1

[Event "U12-U20 French Championships"]
[Site "chess24.com"]
[Date "2019.04.19"]
[Round "7"]
[White "Georget, Laureline"]
[Black "Le Du, Anaelle"]
[Result "1/2-1/2"]
[Board "18"]
[WhiteElo "1642"]
[WhiteCountry "FRA"]
[WhiteFideId "26053284"]
[WhiteEloChange "4"]
[BlackElo "1791"]
[BlackCountry "FRA"]
[BlackFideId "26017733"]
[BlackEloChange "-4"]

1. c4 {[%clk 1:30:58]} Nf6 {[%clk 1:30:51]} 2. d4 {[%clk 1:31:23]} g6 {[%clk
1:31:14]} 3. Nc3 {[%clk 1:31:41]} Bg7 {[%clk 1:31:35]} 4. e4 {[%clk 1:31:45]} d6
{[%clk 1:31:50]} 5. Nf3 {[%clk 1:31:43]} O-O {[%clk 1:31:29]} 6. Bd3 {[%clk
1:26:19]} e5 {[%clk 1:23:23]} 7. d5 {[%clk 1:21:05]} Ne8 {[%clk 1:08:04]} 8. O-O
{[%clk 1:19:28]} f5 {[%clk 0:57:30]} 9. exf5 {[%clk 1:17:40]} gxf5 {[%clk
0:53:11]} 10. Bc2 {[%clk 1:16:27]} Bf6 {[%clk 0:42:14]} 11. Ne2 {[%clk 1:05:17]}
Ng7 {[%clk 0:33:01]} 12. Bh6 {[%clk 0:58:17]} Qe8 {[%clk 0:32:37]} 13. Qd2 {[%clk
0:41:45]} Kh8 {[%clk 0:30:16]} 14. Ng3 {[%clk 0:39:25]} Qg6 {[%clk 0:29:41]} 15.
Bxg7+ {[%clk 0:38:45]} Kxg7 {[%clk 0:29:53]} 16. a4 {[%clk 0:25:21]} a5 {[%clk
0:24:33]} 17. b4 {[%clk 0:23:49]} axb4 {[%clk 0:24:43]} 18. Rab1 {[%clk 0:22:57]}
Na6 {[%clk 0:24:53]} 19. Ne1 {[%clk 0:22:06]} e4 {[%clk 0:19:46]} 20. Ne2 {[%clk
0:20:37]} Kh8 {[%clk 0:17:40]} 21. Rb3 {[%clk 0:18:25]} Bh4 {[%clk 0:15:00]} 22.
Qd4+ {[%clk 0:14:39]} Bf6 {[%clk 0:14:51]} 23. Qd2 {[%clk 0:14:10]} Bh4 {[%clk
0:15:11]} 24. Qd4+ {[%clk 0:13:30]} Bf6 {[%clk 0:15:35]} 25. Qd2 {[%clk 0:13:17]}
Bh4 {[%clk 0:03:04]} 1/2-1/2